000 00299nam a2200133Ia 4500
008 231129s1973||||xx |||||||||||||| ||spa||
040 _bspa
082 _aF843 E65w
100 _aErckmann-Chatrian.
245 0 _aWatreloo
260 _c1973
264 _aLito Ediciones Olimpia
942 _2ddc
_cBKS
999 _c26458
_d26458